[Event "Karl Mala Memorial op-B 16th"]
[Site "Frankfurt"]
[Date "2013.07.14"]
[Round "6"]
[White "Reitz, Philipp"]
[Black "Smith Meyer, Geir"]
[Result "1-0"]
[WhiteElo "843"]
[BlackElo "1625"]
[PlyCount "57"]
[EventDate "2013.07.11"]
[EventType "swiss"]
[EventRounds "7"]
[EventCountry "GER"]
[SourceTitle "CBM 155 Extra"]
[Source "ChessBase"]
[SourceDate "2013.08.26"]
[SourceVersion "1"]
[SourceVersionDate "2013.08.26"]
[SourceQuality "1"]

1. e4 d5 2. exd5 Qxd5 3. Nc3 Qa5 4. Nf3 Nf6 5. d4 c6 6. Bc4 e6 7. 0-0 Be7 8. Bf4 Nbd7 9. Ne5 0-0 10. Bd3 b5 11. Nxc6 Qb6 12. Nxe7+ Kh8 13. Nxc8 Raxc8 14. Nxb5 a6 15. Nd6 Rc6 16. Ne4 Qxd4 17. Nxf6 Nxf6 18. Bc1 Qh4 19. h3 e5 20. Re1 e4 21. Bf1 g5 22. Qd4 Kg7 23. g3 Qh5 24. Rxe4 Rxc2 25. h4 gxh4 26. Rxh4 Qf3 27. Bg2 Qe2 28. Bh6+ Kg6 29. Bxf8 1-0

[Event "Karl Mala Memorial op 14th"]
[Site "Frankfurt"]
[Date "2011.07.09"]
[Round "5"]
[White "Reichel, Rolf"]
[Black "Smith Meyer, Geir"]
[Result "1-0"]
[WhiteElo "1979"]
[BlackElo "1626"]
[PlyCount "49"]
[EventDate "2011.07.07"]
[EventType "swiss"]
[EventRounds "7"]
[EventCountry "GER"]
[SourceTitle "EXT 2012"]
[Source "ChessBase"]
[SourceDate "2011.11.24"]
[SourceVersion "1"]
[SourceVersionDate "2011.11.24"]
[SourceQuality "1"]

1. e4 d5 2. exd5 Qxd5 3. Nc3 Qa5 4. d4 Nf6 5. Bd2 Qb6 6. Nf3 Bg4 7. Be2 c6 8. 0-0 Bxf3 9. Bxf3 Qxd4 10. Qe2 Nbd7 11. Rad1 Qb6 12. Rfe1 e6 13. Qc4 0-0-0 14. Be3 Qa5 15. Bxc6 Kb8 16. Bxd7 Rxd7 17. Rxd7 Nxd7 18. Qf4+ e5 19. Qxf7 Nf6 20. Rd1 Qc7 21. Bxa7+ Kc8 22. Qe6+ Nd7 23. Nd5 Qd8 24. Nb6+ Kc7 25. Rxd7+ 1-0

[Event "Frankfurt-ch"]
[Site "Frankfurt"]
[Date "2008.06.16"]
[Round "7"]
[White "Smith Meyer, Geir"]
[Black "Grohmueller, Robert"]
[Result "1-0"]
[WhiteElo "1610"]
[BlackElo "1350"]
[PlyCount "77"]
[EventDate "2008.04.28"]
[EventType "swiss"]
[EventRounds "7"]
[EventCountry "GER"]
[SourceTitle "EXT 2009"]
[Source "ChessBase"]
[SourceDate "2008.11.26"]
[SourceVersion "1"]
[SourceVersionDate "2008.11.26"]
[SourceQuality "1"]

1. d4 d5 2. Bf4 e6 3. Nf3 Nf6 4. e3 Be7 5. Nbd2 0-0 6. Bd3 c5 7. c3 Nbd7 8. a4 Nh5 9. Bg3 b6 10. Ne5 Nxg3 11. hxg3 f5 12. Qh5 Nf6 13. Qh3 Bd7 14. g4 Be8 15. gxf5 exf5 16. Bxf5 h6 17. Ndf3 Ne4 18. Qg4 Rf6 19. Nh4 Bd6 20. Be6+ Kh7 21. f3 Ng5 22. f4 Nxe6 23. Nhf3 cxd4 24. cxd4 Rc8 25. f5 Nf8 26. Kd2 Bb4+ 27. Kd3 b5 28. Ng5+ Kg8 29. a5 Bxa5 30. Ne6 Nxe6 31. fxe6 b4 32. b3 Bb5+ 33. Kd2 Bb6 34. Nf7 Rf2+ 35. Kd1 Qf6 36. Nxh6+ Kf8 37. Nf5 Be2+ 38. Qxe2 Rxe2 39. Rh8# 1-0

[Event "Frankfurt-ch"]
[Site "Frankfurt"]
[Date "2007.05.14"]
[Round "3"]
[White "Smith Meyer, Geir"]
[Black "Scheerer, Michael"]
[Result "1/2-1/2"]
[WhiteElo "1640"]
[BlackElo "1398"]
[PlyCount "136"]
[EventDate "2007.04.30"]
[EventType "swiss"]
[EventRounds "7"]
[EventCountry "GER"]
[SourceTitle "EXT 2008"]
[Source "ChessBase"]
[SourceDate "2007.11.25"]
[SourceVersion "1"]
[SourceVersionDate "2007.11.25"]
[SourceQuality "1"]

1. d4 Nf6 2. Bf4 g6 3. c3 Bg7 4. Nf3 d6 5. Nbd2 0-0 6. Qb3 b6 7. e3 Bb7 8. Bc4 Nc6 9. Qd1 e6 10. 0-0 Re8 11. Bg5 Qd7 12. e4 Na5 13. Bd3 c5 14. Re1 Rac8 15. Qe2 cxd4 16. Nxd4 Nc6 17. Nxc6 Bxc6 18. Qf3 Qe7 19. Ba6 Rc7 20. Rad1 h6 21. Bf4 Nh5 22. Be3 d5 23. Bd3 dxe4 24. Bxe4 Bxe4 25. Nxe4 Nf6 26. Rd3 Nxe4 27. Qxe4 Rd7 28. Red1 Red8 29. Kf1 Rxd3 30. Rxd3 Rxd3 31. Qxd3 g5 32. h3 Be5 33. Ke2 Qd6 34. Qa6 Qd7 35. a4 f5 36. f3 f4 37. Bf2 Qc7 38. a5 Bd6 39. axb6 axb6 40. Bxb6 Qc6 41. Qa5 Qc4+ 42. Kf2 Qb3 43. Qa8+ Bf8 44. Bd4 Qxb2+ 45. Kg1 Qb1+ 46. Kh2 Qe1 47. Qc8 Qg3+ 48. Kh1 Qe1+ 49. Bg1 Qe5 50. c4 Kf7 51. c5 Qd5 52. c6 Bc5 53. Bxc5 Qxc5 54. Qd7+ Qe7 55. Qc8 Qd6 56. Qb7+ Kf6 57. c7 Qd1+ 58. Kh2 Qe1 59. Qb6 Qg3+ 60. Kh1 Qe1+ 61. Qg1 Qc3 62. Qb6 Qe1+ 63. Kh2 Qg3+ 64. Kh1 Qe1+ 65. Qg1 Qc3 66. Qa7 Qe1+ 67. Qg1 Qc3 68. Qa7 Qe1+ 1/2-1/2

[Event "Frankfurt-ch"]
[Site "Frankfurt"]
[Date "2007.05.07"]
[Round "2"]
[White "Ortiz Rodriguez, Jose"]
[Black "Smith Meyer, Geir"]
[Result "1-0"]
[WhiteElo "1270"]
[BlackElo "1640"]
[PlyCount "55"]
[EventDate "2007.04.30"]
[EventType "swiss"]
[EventRounds "7"]
[EventCountry "GER"]
[SourceTitle "EXT 2008"]
[Source "ChessBase"]
[SourceDate "2007.11.25"]
[SourceVersion "1"]
[SourceVersionDate "2007.11.25"]
[SourceQuality "1"]

1. e4 Nf6 2. Nc3 d5 3. e5 d4 4. exf6 dxc3 5. bxc3 exf6 6. Nf3 Bd6 7. d4 0-0 8. Bd3 Re8+ 9. Be3 Nc6 10. 0-0 Ne7 11. c4 Nf5 12. Bd2 c6 13. c3 Qc7 14. Qc2 g6 15. g3 Ng7 16. c5 Bf8 17. Bf4 Qa5 18. Nd2 Bh3 19. Rfe1 b5 20. Ne4 Nf5 21. Nxf6+ Kg7 22. Nxe8+ Rxe8 23. Rxe8 Be7 24. Re1 Nxd4 25. Be5+ Bf6 26. Bxd4 Bxd4 27. cxd4 Be6 28. Qe2 1-0

[Event "Frankfurt-ch"]
[Site "Frankfurt"]
[Date "2007.04.30"]
[Round "1"]
[White "Smith Meyer, Geir"]
[Black "Syed, Tareq"]
[Result "0-1"]
[WhiteElo "1640"]
[BlackElo "2101"]
[PlyCount "80"]
[EventDate "2007.04.30"]
[EventType "swiss"]
[EventRounds "7"]
[EventCountry "GER"]
[SourceTitle "EXT 2008"]
[Source "ChessBase"]
[SourceDate "2007.11.25"]
[SourceVersion "1"]
[SourceVersionDate "2007.11.25"]
[SourceQuality "1"]

1. d4 d6 2. c3 Nf6 3. Nf3 Nbd7 4. Bf4 Nh5 5. Bg5 h6 6. Bh4 g5 7. Bg3 Bg7 8. e4 e6 9. Bd3 Qe7 10. Qe2 a6 11. a4 b6 12. Nbd2 Bb7 13. 0-0 0-0 14. Nc4 Nxg3 15. fxg3 c5 16. Ne3 Nf6 17. e5 dxe5 18. dxe5 Nd7 19. Nc4 b5 20. axb5 axb5 21. Na5 Bxf3 22. gxf3 Nxe5 23. Nc6 Qc7 24. Rxa8 Rxa8 25. Nxe5 Qxe5 26. Be4 f5 27. Bd3 Qxe2 28. Bxe2 c4 29. Rd1 Ra2 30. Rd2 Bxc3 31. Rd8+ Kf7 32. Bxc4 bxc4 33. bxc3 Rc2 34. h3 Rxc3 35. Kf2 Rc2+ 36. Ke3 Rh2 37. Rc8 Rxh3 38. Kf2 Rh2+ 39. Ke3 Rg2 40. Rxc4 Rxg3 0-1

[Event "Frankfurt-ch"]
[Site "Frankfurt"]
[Date "2006.06.12"]
[Round "7"]
[White "Ludwig, Helmut"]
[Black "Smith Meyer, Geir"]
[Result "0-1"]
[WhiteElo "1496"]
[BlackElo "1669"]
[PlyCount "48"]
[EventDate "2006.04.24"]
[EventType "swiss"]
[EventRounds "7"]
[EventCountry "GER"]
[SourceTitle "EXT 2007"]
[Source "ChessBase"]
[SourceDate "2006.11.23"]
[SourceVersion "1"]
[SourceVersionDate "2006.11.23"]
[SourceQuality "1"]

1. Nf3 Nf6 2. g3 b6 3. Bg2 Bb7 4. d4 c5 5. c4 cxd4 6. Qxd4 d6 7. 0-0 g6 8. Nc3 Bg7 9. e4 0-0 10. Qd3 Nbd7 11. Nd4 Rc8 12. Qe2 Nxe4 13. Bxe4 Bxe4 14. Qxe4 Rxc4 15. Be3 Bxd4 16. Bxd4 e5 17. Nb5 exd4 18. Nxd6 Nf6 19. Qd3 Rc6 20. Ne4 Qd5 21. Nd2 Rd8 22. Nf3 Ne4 23. Rfd1 Rcd6 24. a3 Nc5 0-1

[Event "Frankfurt-ch"]
[Site "Frankfurt"]
[Date "2006.05.15"]
[Round "4"]
[White "Smith Meyer, Geir"]
[Black "Krueger, Manfred"]
[Result "1-0"]
[WhiteElo "1669"]
[BlackElo "1184"]
[PlyCount "89"]
[EventDate "2006.04.24"]
[EventType "swiss"]
[EventRounds "7"]
[EventCountry "GER"]
[SourceTitle "EXT 2007"]
[Source "ChessBase"]
[SourceDate "2006.11.23"]
[SourceVersion "1"]
[SourceVersionDate "2006.11.23"]
[SourceQuality "1"]

1. d4 Nf6 2. Nf3 e6 3. Bf4 Be7 4. c3 d6 5. e3 Nh5 6. Bg3 Nxg3 7. hxg3 Nd7 8. Qa4 0-0 9. Bd3 f5 10. Nbd2 h6 11. e4 Nf6 12. exf5 exf5 13. 0-0-0 Ng4 14. Rhf1 c6 15. Rde1 b5 16. Qb3+ d5 17. Ne5 Nxe5 18. Rxe5 a5 19. Rfe1 Bf6 20. R5e2 a4 21. Qc2 Bd7 22. a3 Qc7 23. f4 c5 24. Nf3 Bd8 25. dxc5 Qxc5 26. Nd4 Qc8 27. Re5 Qc5 28. Bxf5 Bxf5 29. Rxf5 Qc4 30. Rxf8+ Kxf8 31. Ne6+ Kg8 32. Qe2 Bf6 33. Qxc4 dxc4 34. g4 Re8 35. f5 Kf7 36. Rd1 Re7 37. Rd5 g6 38. Rxb5 Bh4 39. Kd2 Rd7+ 40. Ke2 Rd3 41. Nf4 Rd6 42. Nxg6 Bg5 43. Ne5+ Kf6 44. Nxc4 Rc6 45. Rb6 1-0

[Event "Frankfurt-ch"]
[Site "Frankfurt"]
[Date "2006.05.02"]
[Round "2"]
[White "Smith Meyer, Geir"]
[Black "Graebner, Walter"]
[Result "0-1"]
[WhiteElo "1669"]
[BlackElo "1997"]
[PlyCount "120"]
[EventDate "2006.04.24"]
[EventType "swiss"]
[EventRounds "7"]
[EventCountry "GER"]
[SourceTitle "EXT 2007"]
[Source "ChessBase"]
[SourceDate "2006.11.23"]
[SourceVersion "1"]
[SourceVersionDate "2006.11.23"]
[SourceQuality "1"]

1. d4 Nf6 2. Bf4 d5 3. c3 e6 4. Nf3 Be7 5. Nbd2 Nbd7 6. e3 c5 7. Bd3 b6 8. Rc1 Bb7 9. g4 Ne4 10. h4 h5 11. g5 c4 12. Bc2 f6 13. Nxe4 dxe4 14. Nd2 e5 15. dxe5 fxe5 16. Bg3 Qc7 17. Bxe4 Bxe4 18. Nxe4 Qc6 19. f3 0-0-0 20. 0-0 Nc5 21. Qc2 Rd3 22. Nd2 Qe6 23. Kg2 Rhd8 24. Rf2 Rxe3 25. Nf1 Red3 26. Re1 Bd6 27. Qe2 Re8 28. Nd2 Bc7 29. Ne4 Qd5 30. Nxc5 Qxc5 31. Qe4 Qd5 32. Qf5+ Qe6 33. Qh7 g6 34. Qg7 Rd7 35. Qf6 Qxf6 36. gxf6 Rf7 37. f4 Rxf6 38. Rfe2 e4 39. Rxe4 Rxe4 40. Rxe4 b5 41. b3 cxb3 42. axb3 a5 43. Kf3 Kb7 44. Bf2 Kc6 45. Bd4 Rd6 46. Re3 Bd8 47. Kg3 a4 48. bxa4 bxa4 49. Re5 Bb6 50. Bxb6 Kxb6 51. f5 a3 52. fxg6 Rxg6+ 53. Kh2 a2 54. Re1 Kc5 55. Ra1 Ra6 56. Kg3 Kc4 57. Kf4 Kxc3 58. Kg5 Ra5+ 59. Kg6 Kb2 60. Rg1 a1Q 0-1